[Event "CB-Emu swiss"]
[Site "?"]
[Date "2017.04.09"]
[Round "2"]
[White "Constellation Forte B, Novag"]
[Black "Super Expert B, Novag"]
[Result "0-1"]
[WhiteElo "1920"]
[BlackElo "2130"]
[Annotator "Komodo 10.3 32-bit (60s)"]
[PlyCount "112"]
[EventDate "2017.??.??"]

{B99: Sizilianisch (Najdorf-Variante)} 1. e4 c5 2. Nf3 d6 3. d4 cxd4 4. Nxd4
Nf6 5. Nc3 a6 6. Bg5 e6 7. f4 Be7 8. Qf3 Qc7 9. O-O-O Nbd7 10. g4 b5 11. Bxf6
Nxf6 12. g5 Nd7 13. f5 Nc5 14. f6 gxf6 15. gxf6 Bf8 16. Qh5 Bd7 17. a3 {
letzter Buchzug Weiss} Qa5 (17... Rb8 18. Rg1 b4 19. axb4 Rxb4 20. Rg7 Bc8 21.
Nf5 Rb7 22. Nh6 Qa5 23. Bb5+ axb5 24. Nxf7 Rxf7 25. Rxf7 Kd8 26. Rxf8+ Rxf8 27.
Qxc5 Qa1+ 28. Nb1 Rxf6 29. Qxd6+ Ke8 30. Qd8+ Kf7 31. Qc7+ Kg8 32. Rd8+ {
Langer,M (2331)-Yang,D (2149) Stillwater 2007 1-0 (33)}) 18. Bg2 $4 $146 {
Das ist eigentlich schon fast ein Verlustzug.... danach kann Weiß alle
Träume begraben. Und das spielt der Forte B aktiv aus der Bibliothek? Meine
Güte waren die an dem Tag blau bei Novag...} (18. Nb3 Nxb3+ 19. cxb3 Rc8 20.
b4 Rxc3+ (20... Qb6 21. Kb1 Rg8 22. Qxh7 Rg6 23. Qh4 Rh6 24. Qf4 Qd8 25. Be2
Qxf6 26. Qe3 Rh4 27. h3 Qe5 28. Rhf1 Bh6 29. Qd3 Ke7 30. Bg4 Bg7 31. Qf3 Bf6
32. Rde1 Bg7 33. Qxf7+ Kd8 34. Rc1 Rh8 35. Qf2 {Matulovic,M (2495)-De Firmian,
N (2405) Nis 1981 1/2-1/2 (41)}) 21. Kd2 Qd8 22. bxc3 Qxf6 23. Kc2 Bg7 24. Rd3
Bc6 25. Bg2 Qf2+ 26. Rd2 Qe3 27. Qf3 Qxf3 28. Bxf3 Ke7 29. Rf1 Rc8 30. Rd3 Be5
31. Rg1 Ba8 32. Rg2 Rc4 {Comp Genius 4-Comp Nimzo 7.32 Debrecen 1999 0-1 (92)})
(18. Be2 b4 19. Na2 bxa3 20. b4 Qb6 21. Rhg1 e5 22. Nf5 Nxe4 23. Bc4 O-O-O 24.
Ne7+ Kb8 25. Nd5 Qc6 26. Qe2 Bh6+ 27. Kb1 Nd2+ 28. Rxd2 Bxd2 29. Rd1 Bf4 30.
Nxf4 exf4 31. Bxf7 Rhf8 32. Bd5 Qb6 {Nunn,J (2617)-Fedorowicz,J (2507)
Bunratty 2005 0-1 (40)}) (18. Be2 $142 {war der einzige Versuch} b4 19. axb4
Qxb4 20. Na2 $14) 18... b4 $19 {Obwohl noch nicht mal die größten Chessbase
Datenbanken den Zug 18. Lg2 kennen, hat der Novag hier noch eine Fortsetzung
im Buch. Wussten die Novag-Programierer dass die meisten Schachprogramme 18.
Lg2 als natürliche Fortsetzung betrachten und die Folgen nicht abschätzen
können?} 19. e5 bxc3 {Schwarz ist immer noch im Buch....} 20. Bxa8 cxb2+ {
Hat Kittinger da eine Killervariante gegen seine eigenen Altgeräte eingebaut?
Wenn das so weitergeht...} 21. Kb1 (21. Kxb2 {hilft allerdings auch nicht} Na4+
22. Kc1 dxe5 $19) 21... Qxa3 22. Nb3 Nxb3 {Das riecht wirklich nach einer
Killervariante. Warum sonst sollte man das so tief einprogrammieren obwohl die
Fortsetzung auf Meisterebene nie gespielt wurde? Allerdings hat sich ein
kleiner Fehler eingeschlichen, denn der Zug 22. ...a5 ist noch stärker als
die gewählte Fortsetzung.} (22... a5 $142 {sichert den Gewinn} 23. exd6 Nxb3
24. cxb3 a4 25. bxa4 Rg8 $19) 23. cxb3 $17 Qxb3 {erster berechneter Zug von
Schwarz. Ganz so weit her war es mit der Killerbibliothek nun doch nicht. 23. .
..d5 war besser um evtl. mit La3 den Bauern schützen zu können. Allerdings...
der Super Expert hat lange an d5 gerechnet und hätte diesen Zug mit normaler
Geschwindigkeit auf Turnierstufe auch gespielt. Bei der schnelleren Emulation
wurde dieser Zug dann aber unverständlicherweise verworfen. Trotzdem hat
Schwarz in dieser Variante natürlich eine aussichtsreiche Position, muss
allerdings aufpassen, da der vorgerückte f-Bauer in Verbindung mit der Dame
durchaus noch gefährlich werden kann..} (23... d5 $142 $5 24. Qe2 Kd8 25. Qxb2
Kc7 $19) 24. Rd2 (24. Qe2 Bb5 25. Qxb2 Qxb2+ 26. Kxb2 Kd7 $11) 24... Bb5 {
Wieder war d5 die bessere Wahl.} (24... d5 $5 {kam sehr in Betracht} 25. Rhd1
Ba3 $15) 25. Qf3 $11 Qxf3 26. Bxf3 {OK, soviel zum Thema f-Bauer und Dame...}
Bh6 $4 {erneut war d5 besser.} (26... Kd7 27. Rg1 $11) 27. Rxb2 $4 {können die
Novags denn gar nix? Denktiefe 8 und er nimmt nicht auf d6... Der Bauer auf b2
wäre nicht weggelaufen, aber Freibauern wie d6 und a6 sind gefährlich..
vergibt den sicheren Gewinn.} (27. Rxd6 $142 {entschiede die Partie sofort} Be3
28. Re1 $18) 27... Kd7 28. Rd1 d5 29. Bh5 Rf8 30. Rb4 (30. Be2 $5 $11) 30...
Be3 (30... Kc6 31. Rg1 a5 32. Rb3 $17) 31. Kb2 {Hier war Te4 stärker.} (31. Re4
Bb6 $17) 31... Bb6 {Warum nicht einfach d4. Der schwarze Bauer ist nur schwer
zu stoppen, da die Felder d2, d3 und d4 überdeckt sind.} (31... Kc6 $142 $5 $17
) 32. Rh4 Bc7 33. Re4 Kc6 {Nicht die beste Wahl. Tg8 bietet gute Chancen für
Schwarz} 34. Ree1 Rb8 (34... Bc4 35. Ra1 $15) 35. Ka3 {mehr und mehr verflacht
die Partie zum Remis. Irgendwelche Gewinnversuche sind nicht erkennbar.} Ba5
36. Rc1+ Bc4 37. Rb1 Rf8 38. Rg1 {Ein Fehler. Nun könnte Schwarz mit 38. ...
Lc3 noch gefährlich werden. 39. Tg7 Lxe5 40. Txf7 Tg8. Mit der Idee
Te1-g1-g3-g7} (38. Rec1 Bb6 $11) 38... Bb6 {wie gesagt... könnte...} (38... Bc3
39. Rgc1 d4 40. Bf3+ Bd5 41. Rf1 $17) 39. Rg3 {Langsam überzieht es der Forte..
. irgendwann muss der Super Expert ja mal merken dass er Chancen hat.} (39.
Rxb6+ Kxb6 40. Rg7 Rb8 41. Bxf7 Kc5 42. Bxe6 Rb3+ 43. Ka4 Rb2 44. Rc7+ Kd4 $11)
39... Bf2 {Tempoverlust. Besser sofort Ld4. Wieder eine Chance weniger...} (
39... Bd4 $142 $5 $17) 40. Rg7 $11 Bd3 $2 {Lc5!?. Mal ganz ehrlich. GIbt es
etwas schlimmeres als einem Novag beim Spielen zuzusehen?. Ja... Zwei Novags
beim Spielen zuzusehen...} 41. Rc1+ {Nun hat der Super Expert überzogen...}
Bc5+ (41... Bc4 42. Ka4 Rb8 43. Be2 $11) 42. Kb2 {Ich glaube es einfach nicht..
. 42. Txc5! Kxc5 43. Txf7 sollte bei Denktiefe 9 doch zu finden sein.} (42.
Rxc5+ $5 Kxc5 43. Rxf7 $14) 42... Bg6 $11 43. Bf3 $4 {vergibt den Vorteil} (43.
Bxg6 $5 {ist zu erwägen} hxg6 44. Kc3 $11) 43... Rb8+ (43... Kb6 $142 {nun
kommt Schwarz in Vorteil} 44. Rd1 Be3 $19) 44. Ka2 $17 Kb6 (44... Rb5 45. Rg8
$15) 45. h4 (45. Bd1 $15) 45... h5 $2 {Hier musste Ld4 oder Lf5 kommen} (45...
Bd4 46. h5 Bd3 47. Bd1 $17) 46. Rc3 (46. Bd1 Rf8 47. Rxg6 fxg6 48. Rb1+ Ka5 $11
) 46... Bd4 (46... Bb4 $142 47. Rc1 Rf8 $15) 47. Rc1 $2 {Tb3 wäre sinnvoller.
Erneut hat der Super Expert eine gute Chance. Ka5!} (47. Rb3+ Kc7 48. Bxd5 Rxb3
49. Bxb3 Bxe5 50. Bxe6 Bxf6 51. Bxf7 Bxg7 52. Bxg6 Kb6 $11) 47... Rb7 {Ich sag
nix mehr...} (47... Rf8 $5 48. Re1 Bc3 $17) 48. Re1 (48. Rd1 Kc5 49. Rc1+ Kb5
50. Rxg6 fxg6 51. Rb1+ Kc6 52. Rxb7 Kxb7 $17) 48... Rc7 (48... Ka5 $142 49.
Rxg6 fxg6 $17) 49. Bh1 $4 {Ein grober Fehler. 49. Txg6 wäre noch ein
Schummelversuch. Das muss der Super Expert doch jetzt sehen...} (49. Rxg6 $142
$5 {ist zu beachten} fxg6 50. Bd1 $15) 49... Kb5 {Kann man machen... Besser
ist jedoch Tc2+ oder Lc2} (49... Rc2+ $142 {lässt dem Gegner kaum Chancen} 50.
Kb3 Rc3+ 51. Ka2 Bc2 $19) 50. Bxd5 $4 {OK, aber nach dem Fehler ist Schluss...
Txg6 hätte kommen müssen... wieder mal.... Weiß hätte sowieso bald aufgeben
können} (50. Rxg6 $142 fxg6 51. Rf1 $19) 50... exd5 $19 51. Rd1 Bxe5 52. Rxg6
fxg6 53. Rxd5+ Rc5 54. f7 Bg7 55. Rd6 Rc6 56. Rd7 (56. Rd5+ {hilft auch nicht
mehr} Kc4 57. Rd7 Rf6 58. Rc7+ Kd5 $19) 56... a5 {OK, ich schätze mal das kann
auch ein Super Expert nicht mehr in den Sand setzen (und wer will jetzt schon
bis zum 100. Zug weiter zusehen wie umständlich die Gewinnführung wird.
Schwarz gewinnt.. . . .} (56... a5 57. Rd8 Rf6 58. Rb8+ Ka4 $19) 0-1

[Event "CB-Emu swiss"]
[Site "?"]
[Date "2016.12.07"]
[Round "2"]
[White "Roma 32, Mephisto"]
[Black "Chesster Chess Challenger, Fidelity"]
[Result "1-0"]
[WhiteElo "2130"]
[BlackElo "1935"]
[Annotator "Komodo 10.3 32-bit (60s)"]
[PlyCount "127"]
[EventDate "2017.??.??"]

{E61: Königsindisch (Abweichungen der Hauptvariante)} 1. d4 Nf6 2. c4 g6 3. Nf3
Bg7 4. Nc3 d6 5. Bg5 O-O 6. e3 Nbd7 7. Be2 c6 8. Qc2 h6 9. Bh4 b6 $146 (9...
Qe8 10. O-O e5 (10... Nh7 11. Bd3 Kh8 12. Rfe1 Rg8 13. c5 dxc5 14. Ne4 cxd4 15.
exd4 Qf8 16. Nc5 Bf6 17. Bg3 Nxc5 18. Qxc5 Be6 19. Ne5 Bd5 20. Nd7 Qd8 21. Nxf6
exf6 22. Re7 b6 23. Qa3 Re8 24. Rxa7 Rxa7 25. Qxa7 {Tal,M (2605)-Chekhov,V 
(2460) Moscow 1982 1/2-1/2 (38)}) 11. Rad1 g5 12. Bg3 Nh5 13. Nxg5 hxg5 14.
Bxh5 Qe7 15. Bg4 Nf6 16. Bxc8 Raxc8 17. dxe5 dxe5 18. Ne4 Nxe4 19. Qxe4 Rcd8
20. h3 b6 21. a3 a5 22. Rfe1 Rfe8 23. Kf1 f6 24. h4 {Kaldor,A-Vizantiadis,L 
(2260) Skopje 1972 1-0}) (9... Kh8 10. O-O Qe8 11. b4 e5 12. dxe5 dxe5 13. Nd2
Nb6 14. e4 Be6 15. c5 Nc8 16. Rfd1 Nh5 17. Bxh5 gxh5 18. Ne2 Ne7 19. f3 Ng6 20.
Bf2 Qe7 21. Nc4 Qg5 22. Kh1 h4 23. h3 Rg8 24. Nd6 {Gazarek,D (2335)-Podvrsnik,
M (2196) Ljubljana 1999 1-0 (49)}) (9... g5 10. Bg3 Nh5 11. Nxg5 hxg5 12. Bxh5
f5 13. f4 e5 14. dxe5 dxe5 15. O-O-O gxf4 16. exf4 e4 17. Be2 Qa5 18. Be1 Nf6
19. Kb1 Qc5 20. h4 Be6 21. Rc1 a6 22. Nd1 Qd6 23. g3 c5 24. Bc3 {Hill,R (1998)
-Weeks,M (1954) Gosford 1988 1-0 (35)}) 10. O-O c5 11. Rad1 (11. d5 Rb8 $11)
11... Bb7 12. d5 a6 13. Bd3 (13. h3 Re8 $11) 13... Qc7 14. Rd2 (14. a4 Rae8 $11
) 14... Rae8 15. Rc1 Ng4 (15... Nh5 16. Rdd1 $11) 16. Bg3 e5 (16... Nde5 17.
Nxe5 Nxe5 18. Be2 $14) 17. dxe6 $14 Rxe6 18. Be2 (18. Nd5 Qb8 $14) 18... Nde5 (
18... Bxc3 $5 {ist bedenkenswert} 19. Qxc3 Ndf6 $11) 19. Nd5 Qd8 (19... Bxd5
20. cxd5 Ree8 21. b4 $16) 20. Nxe5 (20. h3 Nf6 21. Nf4 Nxf3+ 22. Bxf3 Re7 $16)
20... Nxe5 21. Rcd1 (21. Qb3 Bxd5 22. cxd5 Re7 23. Bxa6 g5 $16) 21... a5 (21...
Bxd5 22. Rxd5 Qe7 23. Qd2 $16) 22. Qb3 (22. f4 Nd7 $16) 22... Bxd5 23. cxd5 (
23. Rxd5 h5 $14) 23... Re7 $14 24. Bh4 (24. Re1 $142 $14) 24... f6 $2 (24... g5
25. Bg3 $11) 25. Rc1 (25. f4 Nd7 $16) 25... Qb8 $2 (25... g5 26. Bg3 $11) 26.
Qb5 (26. f4 $5 Nd7 27. Bg4 $16) 26... Nf7 (26... g5 27. Bg3 $11) 27. Qd3 (27.
Qa4 g5 28. Bg3 f5 $14) 27... Kh7 (27... Ne5 28. Qc2 g5 29. Bg3 $11) 28. Qc2 $14
b5 29. Bh5 (29. b3 Rg8 $14) 29... Nh8 30. b3 (30. Be2 Nf7 $14) 30... Rfe8 (
30... Ree8 $5 $11) 31. Be2 $16 Nf7 32. Qd3 (32. g4 Qc8 $16) 32... b4 $14 33.
Bh5 Re4 $4 (33... Nh8 $142 $14 {sieht noch spielbar aus}) 34. f3 (34. Bxg6+ {
und Weiß hätte es noch leichter} Kxg6 35. f3 c4 36. bxc4 f5 37. fxe4 Rxe4 $18)
34... Rxh4 35. Qxg6+ Kh8 36. Qxf7 Rxe3 37. Bg4 $4 {danach kann Weiß alle
Träume begraben} (37. g3 $142 $5 {lässt dem Gegner kaum Chancen} Rd4 38. Rxd4
cxd4 $18) 37... Qg8 (37... f5 38. Qxf5 Qe8 39. Rf1 $16) 38. Qxg8+ Kxg8 39. g3
f5 40. gxh4 fxg4 41. fxg4 Bd4 (41... Bc3 42. Rdc2 $18) 42. Kg2 Re5 (42... a4
43. bxa4 Be5 44. h5 $18) 43. Rf1 Kg7 (43... Re8 44. h5 $18) 44. h5 Rxd5 (44...
Re4 $18 {verlängert das Leiden}) 45. Re2 Be5 (45... Re5 {wäre noch eine kleine
Chance} 46. Kf3 Bc3 47. Rxe5 Bxe5 $18) 46. Ref2 Rd3 (46... c4 {hilft auch
nicht mehr} 47. bxc4 Rd4 48. Rf7+ Kg8 49. Rf8+ Kh7 50. R1f7+ Bg7 51. h3 Rxc4
52. Ra7 Rc2+ 53. Kf3 Rc3+ 54. Ke4 $18) 47. Rf7+ Kg8 (47... Kh8 {ist ein
letzter Versuch} 48. Rf8+ Kh7 49. R1f7+ Bg7 $18) 48. Rf8+ Kh7 49. R1f7+ Bg7 50.
Rd7 Rd2+ 51. Kg3 Rd3+ 52. Kh4 Rd5 53. Ra8 Rd2 54. Raa7 Kh8 55. Rxg7 Rxh2+ 56.
Kg3 Re2 57. g5 Re3+ (57... Re1 {hilft auch nicht mehr} 58. Kf2 Re6 59. Rgd7 Re8
60. Rh7+ Kg8 61. Rag7+ Kf8 62. gxh6 Re2+ 63. Kxe2 d5 64. Rh8#) 58. Kf4 Re6 59.
Kf5 Re8 60. Kf6 Rf8+ 61. Kg6 Rb8 (61... Re8 {ändert nichts mehr} 62. Rh7+ Kg8
63. Rag7+ Kf8 64. Rh8#) 62. Rh7+ Kg8 63. Rag7+ Kf8 64. Rh8# 1-0

[Event "CB-Emu swiss"]
[Site "?"]
[Date "2017.04.06"]
[Round "2"]
[White "Par Excellence, Fidelity"]
[Black "MM IV, Mephisto"]
[Result "1/2-1/2"]
[WhiteElo "1940"]
[BlackElo "2150"]
[Annotator "Komodo 10.3 32-bit (60s)"]
[PlyCount "135"]
[EventDate "2017.??.??"]

{D02: Damenbauernspiele} 1. d4 d5 2. Nf3 e6 3. Bf4 Nc6 4. Nc3 Bd6 5. Bxd6 (5.
Ne5 Nf6 6. Nxc6 bxc6 7. e3 O-O 8. Bd3 g6 9. O-O Bxf4 10. exf4 a5 11. Re1 Ba6
12. Bxa6 Rxa6 13. Qd3 Qa8 14. Na4 Rb8 15. Nc5 Rab6 16. b3 Ne4 17. Nd7 R8b7 18.
Nxb6 cxb6 19. f3 Nd6 {Lian,H-Rodenberg,A Verden 2001 1-0 (34)}) 5... Qxd6 6. e3
$146 (6. Qd2 a6 7. Qg5 g6 8. e3 f6 9. Qh4 Nce7 10. Bd3 Bd7 11. O-O O-O-O 12. e4
e5 13. dxe5 fxe5 14. exd5 Nxd5 15. Ne4 Qe7 16. Qg3 Nf4 17. Nfd2 Bb5 18. Bxb5
axb5 19. Qb3 c6 20. c4 bxc4 {Sanchez,C (1616)-Ramirez,C (1637) Tolima 2012 1-0
(36)}) (6. a3 a6 7. e3 Nf6 8. Bd3 h6 9. Qe2 O-O 10. O-O Bd7 11. Na2 Rfe8 12. c3
e5 13. dxe5 Nxe5 14. Nxe5 Rxe5 15. Bc2 Rh5 16. h3 Bxh3 17. g3 Bxf1 18. Qxf1 Ng4
19. Bd1 Nxe3 20. fxe3 Qxg3+ {Dimitrov,D-Tenev,B (1429) Sofia BUL 2016 0-1}) (6.
e4 Nh6 $11) 6... Nf6 $11 7. Bd3 e5 8. dxe5 Nxe5 9. Nxe5 Qxe5 10. Qd2 O-O 11. f4
(11. O-O-O c6 $11) 11... Qe7 12. O-O (12. O-O-O c6 $15) 12... c5 (12... Bd7 13.
Rfe1 $11) 13. Be2 $11 Bf5 14. Bf3 {Im Brennpunkt: d5} Be4 (14... Rfd8 15. Rad1
Rd7 16. Nxd5 Nxd5 17. Bxd5 $11) 15. Nxe4 (15. Bxe4 dxe4 16. Qe2 Rad8 $11) 15...
dxe4 16. Be2 Rfd8 17. Qc3 Nd5 18. Qb3 Rd6 19. Rad1 Rad8 20. Bc4 Nb6 21. Be2 Rd2
22. Rxd2 Rxd2 23. Rf2 Qd7 24. Bb5 Rd1+ 25. Bf1 (25. Rf1 $5 Rxf1+ 26. Kxf1 $11)
25... c4 26. Qb4 f5 (26... h6 27. Qc5 $15) 27. b3 (27. h3 $5 $11) 27... cxb3
$15 28. Qxb3+ Qd5 29. Qa3 $2 (29. Re2 h6 $17) 29... a6 (29... Nc4 30. Qxa7 h6
31. h3 $17) 30. Qe7 $2 (30. h3 h6 $15) 30... Qd7 (30... Qc6 31. h3 Nd5 32. Qa3
$17) 31. Qb4 $2 (31. Qxd7 $142 {und Weiß kann noch kämpfen} Nxd7 32. c4 $17)
31... Nd5 $19 32. Qc4 Qc6 33. Qb3 Qb5 (33... Qc5 {ist genauer} 34. Qxb7 Nxe3
35. Qb3+ Kf8 36. c3 $19) 34. Qxb5 axb5 35. Re2 Nc3 (35... b4 {gibt noch
größeren Vorteil} 36. g3 $19) 36. Rf2 Nxa2 (36... Nd5 $142 {ist der schnellste
Weg} 37. Re2 Nc3 $19) 37. c4 $17 Nc3 38. cxb5 Nd5 39. Re2 Rb1 40. Kf2 Nf6 (
40... Rb3 41. h3 $17) 41. h3 $15 {Befestigt g4} Rxb5 42. Rc2 Rb6 43. Rc5 Rb2+
44. Be2 (44. Kg3 Kf8 45. Rxf5 Ke7 $11) 44... g6 $15 45. g3 (45. Ke1 $5 $15 {
ist zu beachten}) 45... Kf7 $17 46. Ke1 Ke6 47. Re5+ Kd6 48. g4 (48. Bc4 $5 $17
) 48... Nd5 $19 49. gxf5 gxf5 50. Rxf5 Nxe3 51. Rf8 Ke7 52. Rg8 (52. Rh8 Ng2+
53. Kd1 Nxf4 54. Rxh7+ Kf6 55. Bc4 $19) 52... Nd5 53. f5 (53. Bg4 {ändert
nichts am Ausgang der Partie} Nxf4 54. Rh8 h5 55. Bxh5 e3 $19) 53... Kf6 (53...
Nf4 $142 {damit würde Schwarz es sich noch erleichtern} 54. f6+ Kxf6 55. Bg4
$19) 54. Bg4 (54. Rf8+ Ke7 55. Ra8 $19) 54... Nf4 55. Rf8+ Kg7 (55... Ke7 $142
{entschiede die Partie sofort} 56. Rc8 e3 57. f6+ Kf7 58. Rd8 $19) 56. Re8 h5 (
56... e3 $142 {erleichterte Schwarz die Gewinnführung} 57. Kd1 e2+ 58. Bxe2
Rxe2 59. Rd8 $19) 57. Rxe4 Nd3+ 58. Kf1 hxg4 59. hxg4 Rf2+ (59... Kf6 $142 $5 {
wäre im Gewinnsinne präziser} 60. Re6+ Kg5 61. Rd6 $19) 60. Kg1 Rf4 $4 {
wirft den Vorteil weg} (60... Kf6 $142 61. Re3 Rd2 62. Re6+ Kg5 $19) 61. Rxf4
$4 {und der Gewinn ist perdu} (61. Re7+ $142 {war der einzige Versuch} Kf6 62.
Rxb7 $11) 61... Nxf4 $19 62. Kf2 Kf6 63. Ke3 Ke5 64. Kd2 Nd5 65. Kd3 Nf6 {
Schwarz droht Materialgewinn: Sf6xg4} (65... b5 $142 $19 {sichert den Gewinn})
66. Kc4 $11 Nd7 67. Kb5 Kf6 68. Kb4 1/2-1/2

[Event "CB-Emu swiss"]
[Site "?"]
[Date "2017.04.10"]
[Round "2"]
[White "Almeria, Mephisto"]
[Black "Designer 2100 Display, Fidelity"]
[Result "1-0"]
[WhiteElo "2175"]
[BlackElo "1950"]
[Annotator "Komodo 10.3 32-bit (60s)"]
[PlyCount "109"]
[EventDate "2017.??.??"]

{A35: Englische Eröffnung (Symmetrische Variante)} 1. c4 c5 2. Nc3 Nc6 3. Nf3
g6 4. d4 cxd4 5. Nxd4 Bg7 6. e3 Nf6 {erster berechneter Zug von Schwarz} 7. Nc2
Qa5 {Und auch der Weltmeister von 1988 muss nun rechnen.} (7... d6 8. e4 O-O 9.
Be2 Nd7 10. h4 h5 11. g4 hxg4 12. Bxg4 Nce5 13. Be2 Nb6 14. Ne3 Be6 15. Ncd5
Rc8 16. Qb3 Bxd5 17. cxd5 Qc7 18. h5 Nbc4 19. Nxc4 Nxc4 20. hxg6 Qa5+ 21. Kf1
Nd2+ 22. Bxd2 {Londyn,R (2344)-Kyas,J (2205) Germany 2013 1/2-1/2 (59)}) 8. Bd2
O-O $146 (8... Qe5 9. Be2 d5 10. O-O dxc4 11. Na3 O-O 12. Nxc4 Qb8 13. Bf3 Be6
14. Qe2 Rc8 15. Rfc1 b5 16. Bxc6 Rxc6 17. Na5 Rb6 18. b4 a6 19. h3 Nd5 20. Rab1
Qe5 21. e4 Nxc3 22. Bxc3 Qg5 23. Bxg7 {Tibensky,R (2410)-Glyanets,A (2370)
Ceske Budejovice 1992 1/2-1/2 (66)}) 9. Be2 d6 {Verständlich und lobenswert,
dass sich Schwarz entwickeln will. Trotzdem war 9. ...De5 besser.} 10. Nd5 (10.
O-O Qd8 $11) 10... Qd8 11. Bc3 Bf5 {11. ...e5 oder Se5 waren stärker.} (11...
Nxd5 12. cxd5 Bxc3+ 13. bxc3 $11) 12. Nxf6+ Bxf6 13. Bxf6 exf6 {Der
Doppelbauer schwächt nun entscheidend die schwarze Bauernstruktur, zumal er
einen Isolani auf d6 hinterlässt.} 14. O-O Qb6 15. b3 a5 (15... Rad8 16. Bf3
$14) 16. Na3 $14 Nb4 17. Nb5 {Fällt d6?. Der Springer ist gut plaziert} Rad8 (
17... Rfd8 18. Nc3 Qc5 19. Bf3 $16) 18. a3 $16 Na6 19. Bf3 Rfe8 20. Ra2 Nc7 21.
Qd4 {Hier hätte mir der Tausch auf c7 rein gefühlsmäßig besser gefallen.} (21.
Nc3 Kg7 $16) 21... Qxd4 22. Nxd4 Be4 23. Bxe4 Rxe4 24. Rd2 Kf8 25. Ne2 Ree8 (
25... Re5 26. Rc1 $14) 26. Rfd1 Ke7 (26... a4 27. bxa4 Re4 28. Nd4 $14) 27. Nc3
$16 f5 28. g3 Ke6 {Td7 sieht weit besser aus...} (28... Rd7 29. Na4 Rdd8 30.
Nc3 $16) 29. e4 $1 b6 (29... Ke7 30. f3 $18) 30. exf5+ $18 gxf5 {Nun fällt die
schwarze Stellung aufgrund vielfältiger Schwächen zusammen. Isolani d6,
rückständiger Bauer b6, Doppelbauer. Alles kann Schwarz nicht verteidigen..} (
30... Kxf5 31. Na4 $18) 31. Na4 Na8 (31... b5 32. Nc5+ $1 {Ablenkung: d6} Kf6
33. Rxd6+ Rxd6 34. Rxd6+ Kg7 35. Rd7 $18) 32. c5 $1 bxc5 (32... bxc5 33. Nxc5+
dxc5 (33... Ke5 34. f4+ {Ablenkung}) (33... Ke7 34. Nb7 {Kombination}) (33...
Kf6 34. Rxd6+ {Ablenkung Doppelangriff}) 34. Rxd8 {Ablenkung Fesselung}) (32...
dxc5 33. Rxd8 {Ablenkung Fesselung}) 33. Nxc5+ $1 dxc5 {das sieht jetzt aber
schon nach Resignation aus. Aber auch nach 33. ...Ke7 34. Sb7 Tb8 35. Sxd6
steht Schwarz besch...eiden.} (33... Kf6 34. Nb7 Rb8 35. Rxd6+ Kg7 36. Nxa5 f4
$18) 34. Rxd8 Rxd8 35. Rxd8 Nc7 36. Rh8 $6 {etwas kurzsichtig. Besser war Tb8}
(36. a4 $5 {ist genauer} Ke7 37. Rh8 Ne6 $18) 36... Nb5 37. Ra8 (37. Rxh7 {
gibt noch größeren Vorteil} Nxa3 38. h4 c4 39. Rh6+ Ke7 40. bxc4 Nxc4 $18)
37... Nd4 38. Rxa5 Nxb3 39. Ra6+ (39. Ra7 {und Weiß hätte es noch leichter} Nd4
40. a4 h6 $18) 39... Ke5 (39... Kd5 {nützt auch nichts mehr} 40. Kf1 Kc4 41.
Ke2 $18) 40. Rc6 (40. Kf1 {ginge schneller} h5 $18) 40... h5 {Weit besser war
Kd4. Aber über die Endspielführung der beiden Helden mag man sich sowieso sein
Teil denken...} (40... Kd4 {wäre gleichermaßen fruchtlos} 41. Kf1 $18) 41. Kg2
(41. Kf1 $142 $5 {damit würde Weiß es sich noch erleichtern} c4 42. Ke1 Kd4 $18
) 41... Kd5 42. Rf6 Nd4 (42... c4 {ist noch eine Idee} 43. Rxf5+ Kd4 44. Rxf7
c3 45. Rd7+ Kc4 $18) 43. a4 c4 44. a5 (44. Kf1 $142 {lässt dem Gegner kaum
Chancen} c3 45. Ke1 Kc4 $18) 44... c3 45. a6 c2 $4 {Sb5!} (45... Nc6 {ist ein
letzter Strohhalm} 46. Rxf5+ Kd4 47. Rf4+ Kd5 $18) 46. a7 Ke5 47. a8=Q (47. Ra6
$142 {erleichterte Weiß die Gewinnführung} c1=Q 48. a8=Q $18) 47... c1=Q {
Da denkt man, es ist bald vorbei und schon erheben sich neue Schwerfiguren aus
dem Grab... Die Schachgöttin hasst mich...} 48. Rxf7 (48. Rb6 Qd2 49. Qb8+ Ke4
50. Rd6 $18) 48... Qc5 {und sie liebt mich doch. Der letzte Zug war ein
schwerer Fehler der sofort verliert. Richtig war Dc6+} (48... Qc6+ {lenkt
vielleicht noch ab} 49. Qxc6 Nxc6 $18) 49. f4+ Ke6 50. Qe8+ Kd5 51. Qe5+ Kc4
52. Rc7 Nc6 53. Qe2+ Kb4 54. Rb7+ Kc3 55. Qe1+ {Die Bewertung des Almeria
zeigt +10 an. Das sollte reichen um das Spiel hier zu beenden. Nach einem sehr
schönen Spiel und etwas holpriger Endspielführung gewinnt der Almeria
insgesamt verdient.} (55. Qe1+ Kc4 56. Qe2+ Kc3 57. Qf3+ Kc2 58. Rc7 Kb1 59.
Rxc6 Qd4 60. Kh3 Ka2 61. Qe2+ Ka3 62. Qc2 Kb4 63. Qb1+ Ka5 64. Qb7 Qd3 65. Rb6
Qf1+ 66. Kh4 Qe2 67. Qa7+ Qa6 68. Qxa6#) (55. Qf3+ Kc2 56. Rc7 h4 57. Rxc6 Qxc6
58. Qxc6+ Kb3 59. gxh4 Ka3 60. h5 Kb3 61. h6 Kb4 62. h7 Ka3 63. h8=Q Kb3 64.
Qcc3+ Ka4 65. Qe8#) 1-0